Toutes les communes du canton de la Châtaigneraie (85) - Statistiques

Statistiques générales
  • Ce quiz a été pris 28 fois
    7 depuis la dernière actualisation
  • Le résultat moyen est 28 sur 34
Réponses sur la Carte
Les réponses sont colorées sur une échelle allant du rouge au vert en fonction du pourcentage des utilisateurs qui les ont devinées à leur premier essai. Vous pouvez retrouver ces pourcentages ci-dessous.
 
Statistiques - réponses
Commune % Correct
Antigny
100%
Bazoges-en-Pareds
100%
Cheffois
100%
La Châtaigneraie
100%
L'Hermenault
100%
Loge-Fougereuse
100%
Marillet
100%
Menomblet
100%
Mouilleron-Saint-Germain
100%
Rives-du-Fougerais
100%
Saint-Aubin-la-Plaine
100%
Saint-Cyr-des-Gâts
100%
Saint-Hilaire-de-Voust
100%
Saint-Jean-d'Hermine
100%
Saint-Juire-Champgillon
100%
Saint-Laurent-de-la-Salle
100%
Saint-Maurice-des-Noues
100%
Saint-Maurice-le-Girard
100%
Saint-Pierre-du-Chemin
100%
Saint-Valérien
100%
Terval
100%
Vouvant
100%
Bourneau
50%
Saint-Étienne-de-Brillouet
50%
La Caillère-Saint-Hilaire
50%
La Chapelle-Thémer
50%
La Réorthe
50%
Marsais-Sainte-Radégonde
50%
Petosse
50%
Saint-Martin-des-Fontaines
50%
Saint-Martin-Lars-en-Sainte-Hermine
50%
Sérigné
50%
Thiré
50%
La Jaudonnière
0%
Aucun quiz correspondant
Distribution des résultats
% des personnes avec chaque résultat
Percentile par nombre de réponses
Votre historique - résultats
Vous n’avez pas pris ce quiz depuis la dernière actualisation